000 00767nam a22002297a 4500
003 OSt
005 20230831103041.0
008 221006b |||||||| |||| 00| 0 eng d
040 _cBiblioteca Lado V
082 _a731.46
_bW537m
100 _91008
_aWestphalen, Silvia
_eautor
245 _aMadre Piedra/
260 _bMuseo de Arte de las Américas
_c1999
_aPerĂș
300 _c25x21cm
_a22p.
366 _espa
650 _2Tesauro de Arte & Arquitectura
_aARTE
_9703
650 _2Tesauro de Arte & Arquitectura
_aEXHIBICION
_9702
650 _2Tesauro de Arte & Arquitectura
_aESCULTURA
_9702
650 _2Tesauro de Arte & Arquitectura
_aPIEDRA
650 _2Tesauro de Arte & Arquitectura
_aTALLADO
942 _2ddc
_c1
_h731.46
_iW537m
_n0
999 _c4258
_d4258